000 00487nmm a2200169Ia 4500
008 251105s9999||||xx |||||||||||||||||und||
020 _a847030741X
041 _aspa
100 _aCruz, Rafael
245 0 _aPasionaria :
_b Dolores Ibárruri, historia y símbolo
264 _a[Madrid, España] :
_bBiblioteca Nueva,
_c1993
300 _a310 páginas
490 _aPerfiles del poder
650 _aBiography
856 _uhttps://public.digitaliapublishing.com/a/3935
942 _cCF
999 _c73173
_d73173